| 000 | 00000nam##2200000za#4500 |
| 001 | 9.597901 |
| 003 | CaOODSP |
| 005 | 20210624204256 |
| 007 | cr ||||||||||| |
| 008 | 150406|2004||||xxc|||||o f|0| 0 fre|d |
| 040 | |aCaOODSP|bfre |
| 043 | |an-cn--- |
| 086 | 1 |aTU3-5/04-49F-PDF |
| 110 | 2 |aBureau de la sécurité des transports du Canada. |
| 245 | 10|aRupture de courroie d'entraînement et collision avec le relief de l'hélicoptère Robinson R44 Raven II N313AL exploité par Flying Dog Helicopter LLC à 15 nm au sud-ouest de Fairmont Hot Springs (Colombie-Britannique), le 28 décembre 2004 |h[ressource électronique] |
| 260 | |aGatineau - Québec : |bBureau de la sécurité des transports du Canada |c[2005]. |
| 300 | |a7p.|bréférences |
| 490 | 1 |aRapport d'enquête aéronautique |vA04P0422 |
| 590 | |a10-05-Supp|b2010-07-20 |
| 691 | 07|aAccident d'avion|2gcpds |
| 775 | 08|tDrive-belt failure and collision with terrain - Flying Dog Helicopter LLC Robinson R44 Raven II, N313AL (helicopter), Fairmont Hot Springs, British Columbia, 15 nm SW, 28 December 2004 |w(CaOODSP)9.566399 |
| 830 | #0|aRapport d'enquête aéronautique ;|vA04P0422|w(CaOODSP)9.501229 |
| 856 | 40|ahttp://publications.gc.ca|qPDF|s95 Ko|uhttps://publications.gc.ca/collections/collection_2009/bst-tsb/TU3-5-04-49F.pdf|yA04P0422 |